000 00625nam a2200241Ia 4500
003 OSt
005 20220924153738.0
006 a|||||r|||| 00| 0
007 ta
008 220923b |||||||| |||| 00| 0 tam d
024 _a351462
037 _cTextual
040 _aARTS
_cARTS
_btam
041 _2tam
_atam
082 _aO31,3NKR3x, M2
100 _aKrishnamurthi Au.
_9229640
245 0 _aThanga mulampoosiya takarangal
260 _c1982
650 _a TAMIL LITERATURE
650 _aTAMIL FICTION
942 _hO31,3NKR3x, M2
_cTEXL
_2CC
999 _c474644
_d474644